NHL First Team Allstars 2010s - Statistics

General Stats
  • This quiz has been taken 316 times
  • The average score is 17 of 39
Answer Stats
Player % Correct
Alexander Ovechkin
96%
Sidney Crosby
96%
Connor McDavid
86%
Patrick Kane
78%
Evgeni Malkin
76%
Carey Price
63%
Erik Karlsson
63%
Henrik Lundqvist
57%
Andrei Vasilevskiy
53%
Drew Doughty
51%
Nikita Kucherov
51%
Tuukka Rask
50%
Tim Thomas
48%
Daniel Sedin
46%
Duncan Keith
46%
Henrik Sedin
46%
Zdeno Chara
46%
Victor Hedman
45%
Brad Marchand
44%
Corey Perry
40%
Pekka Rinne
40%
P. K. Subban
40%
Brent Burns
39%
Brent Burns
39%
Jamie Benn
39%
Sergei Bobrovsky
38%
Shea Weber
35%
John Tavares
33%
Braden Holtby
30%
Taylor Hall
30%
Nicklas Lidstrom
28%
Ryan Miller
22%
Mark Giordano
17%
Ilya Kovalchuk
15%
Ryan Suter
15%
Mike Green
10%
Chris Kunitz
7%
Jakub Voráček
7%
James Neal
7%
No matching quizzes found
Score Distribution
Percent of People with Each Score
Percentile by Number Answered
Your Score History
You have not taken this quiz